000 00291nam a2200121 a 4500
008 101022s1959|||| d
245 1 0 _aAtómová stanica
100 1 _aLaxness, H.K.
044 _axo
_cSK
041 _aslo
260 _bSlovenský spisovateľ
_aBratislava
_c1959
020 _c12
999 _c12099
_d12099